000 00687nam a2200193Ii 4500
003 JO-AjNU
008 230605s9999||||xx |||||||||||||| ||und||
040 _aJO-AjNU
_bara
_erda
_cJO-AjNU
041 _aara
050 1 4 _aQC171.2 2010
100 3 _aالراشد، احمد علي ,
_eauthor
_951977
245 0 0 _aاستخدام اسلوب المحاكاة في تطويرأنظمة التفريغ في الموانئ
264 3 1 _aالقاهرة :المنظمة العربية ،2010
300 _a190ص
336 _atext
_btxt
_2rdacontent
337 _aunmediated
_bn
_2rdamedia
338 _avolume
_bnc
_2rdacarrier
650 4 _aالموانئ -تطوير الانظمة
_951978
999 _aA22997
_c26565
_d26565